Normal view
MARC view
- ترجمة فرج،يوسف عبد الفتاح ؛ مراجعة وتصدير محمد علاء الدين منصور
Entry Personal Name
001 - CONTROL NUMBER
- control field: 20646
003 - CONTROL NUMBER IDENTIFIER
- control field: JO-AjAnu
005 - DATE AND TIME OF LATEST TRANSACTION
- control field: 20230606073604.0
008 - FIXED-LENGTH DATA ELEMENTS
- fixed length control field: 230606|| aca||aabn | a|a d
040 ## - CATALOGING SOURCE
- Original cataloging agency: JO-AjAnu
- Transcribing agency: JO-AjAnu
100 ## - HEADING--PERSONAL NAME
- Personal name: ترجمة فرج،يوسف عبد الفتاح ؛ مراجعة وتصدير محمد علاء الدين منصور
670 ## - SOURCE DATA FOUND
- Source citation: Work cat.: (JO-AjAnu)10602: ترجمة فرج،يوسف عبد الفتاح ؛ مراجعة وتصدير محمد علاء الدين منصور, author, من مثنويات: محمد إقبال، 1- والآن ماذا ينبغي أن نفعل يا أمم الشرق 2- المسافر